[Event "Erbil Khanzad Cup 11th"]
[Site "Erbil"]
[Date "2018.06.01"]
[Round "4"]
[White "Mohammed Khaleel, Majeed"]
[Black "Ibrahim, Adnan Khalil"]
[Result "1-0"]
[WhiteElo "1786"]
[BlackElo "1377"]
[PlyCount "101"]
[EventDate "2018.05.31"]
[EventType "swiss"]
[EventRounds "7"]
[EventCountry "IRQ"]
[SourceTitle "EXT 2019"]
[Source "ChessBase"]
[SourceDate "2018.10.10"]
[SourceVersion "1"]
[SourceVersionDate "2018.10.10"]
[SourceQuality "1"]

1. e4 e5 2. Nf3 Nc6 3. Bc4 Bc5 4. 0-0 d6 5. h3 h6 6. c3 Qf6 7. Na3 a6 8. Nc2 Nge7 9. d4 exd4 10. cxd4 Bb6 11. Be3 0-0 12. Re1 Ng6 13. b4 Re8 14. Bc1 Nh4 15. Nxh4 Qxh4 16. Qd3 Bd7 17. Bb2 Qf6 18. Re3 Re7 19. Rae1 Rae8 20. a3 Kh8 21. Bc3 Ba7 22. Ba2 Qg6 23. Rg3 Qh7 24. Rge3 f5 25. Bd5 Nd8 26. f3 f4 27. R3e2 Qg6 28. Kh1 c6 29. Ba2 d5 30. Bb1 Re6 31. Na1 Nf7 32. Qd2 Qg3 33. e5 b6 34. Rf1 c5 35. Bf5 Bb5 36. Bxe6 Bxe2 37. Bxf7 Rf8 38. Qxe2 Rxf7 39. dxc5 bxc5 40. bxc5 Bxc5 41. Nc2 Rf5 42. e6 Qg6 43. e7 Qe8 44. Nd4 Bxd4 45. Bxd4 Rf7 46. Re1 a5 47. Qe6 Kh7 48. Qxf7 Qxf7 49. e8Q Qxe8 50. Rxe8 a4 51. g4 1-0